00326nam a2200109Ia 4500008004100000041000800041100002300049245004500072260004300117500002500160700003100185250110s9999 xx 000 0 und d aeng aPalandurkar Nikita aAdaptive Ecology : For Soil Erosion Land bBNCA-M arch Digital Architecturec2021 aDigital Architecture aGuide Name:Sardesai Poonam